000
00266nam a2200109Ia 4500
008
190914s9999||||xx |||||||||||||| ||und||
100
_a
Harry R. Lewis
245
0
_a
Elements of The Theory of Computation
260
_a
USA
_b
Addison
_c
2002
300
_a
728
942
_c
BK
999
_c
8457
_d
8457